Stray kids: Bang Chan - Statistics

General Stats
  • This quiz has been taken 662 times
  • The average score is 10 of 15
Answer Stats
Answer % Correct
What is his sister's name? Hannah
96%
What is Chan's English name? Christopher
93%
What animal is Chan's Skzoo? Wolf
93%
What is the name of Chan's dog? Berry
84%
How long did Chan train for? 7 years
83%
What is the name of Chan's Skzoo? Wolf Chan
77%
What was Chan's response to a stay asking him to pin them against the wall? "Say please?"
72%
What was Chan's solo live called? Chan's room
66%
What is his brother's name? Lucas
66%
What is Chan's official rapper name? CB97
59%
What is the name of Chan's solo song? (Skz replay) Connected
55%
What animal does Christopher turn into on a full moon? Werewolf
53%
When is Chan's birthday? October 3rd
37%
How much Chans could a Bang Chan Chan, if a Bang Chan could Chan Chan? 11
18%
What is the supposed meaning of the song Red lights? Stop lights
6%
No matching quizzes found
Score Distribution
Percent of People with Each Score
Percentile by Number Answered
Your Score History
You have not taken this quiz